Teoría de la Revolución
Kaydedildi:
| Yazar: | |
|---|---|
| Materyal Türü: | Metin |
| Baskı/Yayın Bilgisi: |
México D.F.:
Universidad Nacional,
Institutode Investigaciones Sociales, Biblioteca de Ensayos Sociológicos
|
| Etiketler: |
Etiketle
Etiket eklenmemiş, İlk siz ekleyin!
|
MARC
| LEADER | 00000 a a2200000 04500 | ||
|---|---|---|---|
| 001 | 24837 | ||
| 003 | |||
| 040 | |||
| 090 | |a 174900 | ||
| 100 | |a Mendieta y Núñez Lucio | ||
| 245 | |a Teoría de la Revolución | ||
| 260 | |a México D.F.: |b Universidad Nacional, |c Institutode Investigaciones Sociales, Biblioteca de Ensayos Sociológicos | ||
| 300 | |a 224 p. | ||
| 999 | |c 8822 |d 8822 | ||
